000 00359nam a2200145Ia 4500
008 150201s2012 xx 000 0 und d
082 _a611
_bA12E
100 _aEROSCHNKO , VICTOR P.
245 _aDIFIORE,S ATLAS OF HISTOLOGY
250 _a12TH
260 _bWOLTERS KIUWER
_aDELHI
_c2012
300 _a1-603
650 _aHUMAN ANATOMY
942 _2ddc
_cBK
_06
999 _c1460
_d1460